000 00479 a2200157 4500
005 20250613083547.0
020 _a978-0-07-304973-5
082 _a657 WIL
100 _aWILD.J.J.
245 _aFinancial and Managerial Accounting: Information for Desicions
260 _aNew York,
_bMcGraw-Hill Irwin,
_c2005.
300 _axxx,489p.:ill.;tables,pictures
_bAppendix, Credits,Glossary,Index
_c27cm
700 _aLarson,D. Kermit
700 _aChiappetta, Barbara
942 _2ddc
_cBKS
999 _c3688
_d3688